000 01491nab a22002057a 4500
999 _c5848
_d5848
003 OSt
005 20260108211718.0
008 190514b xxu||||| |||| 00| 0 spa d
040 _cPJ
100 _9800
_aKemelmajer de Carlucci, Aída
245 1 3 _aEl derecho al propio cuerpo de niños, niñas y adolescentes :
_bbalance, consolidación y desafíos en la aplicación del art. 26 /
_cAída Kemelmajer.
300 _ap. 41-56
505 _aSumario: I. Propósito y límites.— II. Puntos de partida.— III. Consentimiento informado para el acto médico de los NNA.— IV. Un supuesto diferente. Información sobre el estado de salud del NNA.— V. El consentimiento informado para las transfusiones sanguíneas.— VI. Consentimiento para otras terapias médicas. El multiculturalismo.— VII. Salud mental, consumo de drogas. Internaciones.— VIII. Trasplante de órganos y consentimiento informado.— IX. Ligadura de trompas.— X. Interrupción del embarazo.— XI. Identidad de género.— XII. Directivas anticipadas.— XIII. Decisiones sobre el final de la vida.— XIV. Breves palabras para seguir pensando.
505 _tSi te interesa el texto, comunicate a koha@justierradelfuego.gov.ar
650 0 _91497
_aCODIGO CIVIL Y COMERCIAL
650 0 _9967
_aDERECHO DE FAMILIA
650 0 _92741
_aDERECHOS DE LAS NIÑAS, NIÑOS Y ADOLESCENTES
773 0 _02844
_93222
_dBuenos Aires : AbeledoPerrot, 1989-
_tDerecho de familia. N° 120 - Julio 2025
_z18511201
942 _2udc
_cANA